000 00562nam a2200193 i 4500
001 89590
003 ES-MaACL
005 20230906180227.0
007 t|
008 050111s1972 sp ||||1| spa d
100 1 _aLavallée, David.
_970687
245 1 0 _aAlerta 1000 /
_cDavid Lavalée ; [traducción, Mary Rowe y Guillermo Lagarriga].
250 _a[1ª ed.].
260 _aBarcelona :
_bNoguer,
_c[1972]
300 _a297 p. ;
_c19 cm.
700 1 _aRowe, Mary.
_9100179
700 1 _aLagarriga, Guillermo.
_969561
852 _aES-MaACL
_jC-41202
_bR.80597
999 _c89590
_d89590